Case Studies on Management (Vol-VI) (Record no. 2336)

MARC details
000 -LEADER
fixed length control field 00362nam a22001577a 4500
005 - DATE AND TIME OF LATEST TRANSACTION
control field 20180703110545.0
008 - FIXED-LENGTH DATA ELEMENTS--GENERAL INFORMATION
fixed length control field 160601b xxu||||| |||| 00| 0 eng d
020 ## - INTERNATIONAL STANDARD BOOK NUMBER
ISBN 81-314-1154-0
041 ## - LANGUAGE CODE
Language code of text/sound track or separate title eng
082 ## - DEWEY DECIMAL CLASSIFICATION NUMBER
Item number 6712
Classification number 658
245 ## - TITLE STATEMENT
Title Case Studies on Management (Vol-VI)
260 ## - PUBLICATION, DISTRIBUTION, ETC. (IMPRINT)
Name of publisher ICFAI Press
300 ## - PHYSICAL DESCRIPTION
Number of Pages 371
650 ## - SUBJECT ADDED ENTRY--TOPICAL TERM
Topical Term Management
942 ## - ADDED ENTRY ELEMENTS (KOHA)
Koha item type Books
Holdings
Lost status Damaged status Collection code Home library Current library Shelving location Date acquired Cost, normal purchase price Full call number Accession Number Koha item type
    MANAGEMENT JRU Library JRU Library SHELF-64-H 01/06/2016 1000.00 658 6712 Books